000 00609nam a2200217 i 4500
001 C2-0099430
003 PPAK
005 20180727094749.0
008 970527s1983 my a|||| ||||| | eng d
040 _aPPAK
_beng
_cPPAK
_erda
082 0 4 _a639.9
_223
090 0 0 _a639.9
_bWHI
_dR
100 1 _aWhittow, G. Causey,
_eauthor
245 1 0 _aMalaysian wildlife
264 1 _aPetaling Jaya, Selangor :
_bEastern University Press ,
_c1983
300 _a121 pages :
_billustrations ;
_c24 cm
336 _2rdacontent
_atext
337 _2rdamedia
_aunmediated
338 _2rdacarrier
_avolume
942 _ddc
_cB
999 _c22180
_d22180